[Event "CZE-chT2a 0607"]
[Site "Czech Republic"]
[Date "2007.03.25"]
[Round "10.7"]
[White "Sykora, Robert"]
[Black "Zarsky, Kamil"]
[Result "1-0"]
[WhiteElo "2151"]
[BlackElo "1937"]
[PlyCount "67"]
[EventDate "2006.10.15"]
[EventType "team"]
[EventRounds "11"]
[EventCountry "CZE"]
[SourceTitle "EXT 2009"]
[Source "ChessBase"]
[SourceDate "2008.11.26"]
[SourceVersion "1"]
[SourceVersionDate "2008.11.26"]
[SourceQuality "1"]
[WhiteTeam "Praha Praga II"]
[BlackTeam "Tabor"]
[WhiteTeamCountry "CZE"]
[BlackTeamCountry "CZE"]

1. d4 Nf6 2. c4 e6 3. Nf3 b6 4. g3 Ba6 5. Nbd2 Bb4 6. Qb3 Bxd2+ 7. Bxd2 0-0 8. Bg2 c6 9. Qc2 d5 10. b3 Ne4 11. Rd1 Qe7 12. 0-0 Nd7 13. Be3 Bb7 14. Ne5 Nxe5 15. dxe5 Nc5 16. f4 Rad8 17. cxd5 cxd5 18. f5 exf5 19. Rxf5 Ne4 20. Bd4 Rc8 21. Qd3 Nc5 22. Qf3 Ne6 23. Be3 Rc3 24. Qf2 Rc2 25. a4 Ba6 26. Bf3 Rd8 27. Bd4 Nxd4 28. Rxd4 g6 29. Rf6 Qxe5 30. Rdf4 Rd7 31. Bg4 Rdc7 32. Rxf7 Bxe2 33. Rxc7 Qxc7 34. Be6+ 1-0

[Event "CZE-chT2c 0405"]
[Site "Czech Republic"]
[Date "2005.04.10"]
[Round "11.8"]
[White "Smid, Jaroslav"]
[Black "Sykora, Robert"]
[Result "1-0"]
[WhiteElo "2060"]
[BlackElo "2144"]
[PlyCount "79"]
[EventDate "2004.10.17"]
[EventType "team"]
[EventRounds "11"]
[EventCountry "CZE"]
[SourceTitle "EXT 2007"]
[Source "ChessBase"]
[SourceDate "2006.11.23"]
[SourceVersion "1"]
[SourceVersionDate "2006.11.23"]
[SourceQuality "1"]
[WhiteTeam "AVE Kontakt"]
[BlackTeam "Praha Praga"]
[WhiteTeamCountry "CZE"]
[BlackTeamCountry "CZE"]

1. e4 e6 2. b3 d5 3. exd5 exd5 4. Bb2 c5 5. Nf3 Nc6 6. Bb5 Qe7+ 7. Qe2 Qxe2+ 8. Kxe2 Bd7 9. Bxc6 Bxc6 10. Ne5 f6 11. Nxc6 bxc6 12. c4 d4 13. d3 Bd6 14. Nd2 f5 15. b4 cxb4 16. Bxd4 Kf7 17. c5 Bc7 18. Rhb1 Ne7 19. Rxb4 Nd5 20. Rb7 Rhe8+ 21. Kf1 a5 22. Nc4 Kg6 23. Nb6 Rab8 24. Rxb8 Rxb8 25. Nxd5 cxd5 26. Re1 Rb4 27. Bc3 Ra4 28. Re6+ Kh5 29. Be5 Bxe5 30. Rxe5 Rxa2 31. Rxf5+ Kg4 32. Rxd5 a4 33. g3 a3 34. Kg2 g5 35. h3+ Kh5 36. Rd6 g4 37. hxg4+ Kxg4 38. Rd4+ Kf5 39. Kf3 Rc2 40. Ra4 1-0

[Event "Prague-ch"]
[Site "Prague"]
[Date "2003.??.??"]
[Round "4"]
[White "Hase, Pavel"]
[Black "Sykora, Robert"]
[Result "0-1"]
[WhiteElo "2095"]
[BlackElo "2095"]
[PlyCount "144"]
[EventDate "2003.??.??"]
[EventType "swiss"]
[EventRounds "7"]
[EventCountry "CZE"]
[SourceTitle "EXT 2007"]
[Source "ChessBase"]
[SourceDate "2006.11.23"]
[SourceVersion "1"]
[SourceVersionDate "2006.11.23"]
[SourceQuality "1"]

1. e4 e6 2. d4 d5 3. Nd2 Be7 4. Bd3 Nf6 5. e5 Nfd7 6. Ngf3 c5 7. dxc5 Nc6 8. Qe2 Nxc5 9. Nb3 b6 10. Nbd4 Nxd3+ 11. Qxd3 Nxd4 12. Nxd4 Bd7 13. 0-0 0-0 14. Re1 Rc8 15. c3 Qc7 16. f4 Qc4 17. Qxc4 Rxc4 18. Be3 f6 19. exf6 gxf6 20. Bf2 Kf7 21. Re2 Bd6 22. Rae1 Re8 23. g3 e5 24. fxe5 fxe5 25. Nf3 e4 26. Nd4 Be5 27. Rd2 Bxd4 28. Bxd4 Bg4 29. Rf2+ Bf3 30. Re3 Re6 31. Kf1 b5 32. b4 Ra6 33. Rb2 Ke6 34. Ke1 Kf5 35. h3 h5 36. Rf2 Rg6 37. Rfxf3+ exf3 38. Re5+ Kf6 39. Kf2 Rg5 40. Rxd5+ Kg6 41. Rd6+ Kf7 42. Rd7+ Ke6 43. Rxa7 Rf5 44. Ra6+ Kd5 45. Rb6 Ke4 46. Re6+ Kd3 47. Re3+ Kc2 48. Re5 Rxe5 49. Bxe5 h4 50. Bd4 hxg3+ 51. Kxf3 g2 52. Kxg2 Kd3 53. Kf3 Rc8 54. h4 Rf8+ 55. Kg4 Ke4 56. h5 Rg8+ 57. Kh4 Kf4 58. h6 Rg4+ 59. Kh3 Rg3+ 60. Kh2 Rg5 61. Bg7 Kf3 62. a3 Kf4 63. c4 bxc4 64. a4 Kf3 65. b5 Rh5+ 66. Kg1 Rg5+ 67. Kf1 Rh5 68. Ke1 Ke3 69. Kd1 Kd3 70. Kc1 c3 71. Kb1 c2+ 72. Kb2 Rh1 0-1

[Event "Prague-ch"]
[Site "Prague"]
[Date "2003.??.??"]
[Round "1"]
[White "Sykora, Robert"]
[Black "Omelka, Antonin"]
[Result "1-0"]
[WhiteElo "2095"]
[BlackElo "2029"]
[PlyCount "125"]
[EventDate "2003.??.??"]
[EventType "swiss"]
[EventRounds "7"]
[EventCountry "CZE"]
[SourceTitle "EXT 2007"]
[Source "ChessBase"]
[SourceDate "2006.11.23"]
[SourceVersion "1"]
[SourceVersionDate "2006.11.23"]
[SourceQuality "1"]

1. d4 Nf6 2. c4 g6 3. Nc3 Bg7 4. e4 d6 5. f3 0-0 6. Be3 a6 7. Bd3 c6 8. Qd2 b5 9. b3 bxc4 10. bxc4 Nbd7 11. Nge2 c5 12. 0-0 cxd4 13. Nxd4 Ne5 14. Be2 Bd7 15. Rac1 Kh8 16. Nd5 Ng8 17. h3 e6 18. Nf4 Rc8 19. Nb3 Qh4 20. Na5 Bh6 21. Kh2 f5 22. g3 Qe7 23. Nxg6+ Nxg6 24. Bxh6 Nxh6 25. Qxh6 d5 26. exf5 exf5 27. Qd2 Rfe8 28. Qb2+ Kg8 29. Rc2 Ba4 30. Rd2 f4 31. gxf4 Nxf4 32. Rg1+ Ng6 33. Qd4 Qc7+ 34. f4 Qxa5 35. f5 Re4 36. Qxd5+ Qxd5 37. cxd5 Bb5 38. Bxb5 axb5 39. fxg6 hxg6 40. Rxg6+ Kf7 41. Rb6 Rce8 42. Rxb5 Re2+ 43. Rxe2 Rxe2+ 44. Kg3 Rxa2 45. Kf4 Rh2 46. Rb3 Ke7 47. Rd3 Kd6 48. Kg5 Rg2+ 49. Kh5 Rg8 50. h4 Rh8+ 51. Kg5 Rg8+ 52. Kf6 Rh8 53. Rh3 Rh6+ 54. Kg7 Rh5 55. Kg6 Rxd5 56. h5 Ke5 57. h6 Rd6+ 58. Kg5 Rd1 59. h7 Rg1+ 60. Kh6 Kf5 61. h8Q Rg6+ 62. Kh7 Kg5 63. Qe5+ 1-0

[Event "CZE-chT2b 0001"]
[Site "Czech Republic"]
[Date "2000.??.??"]
[Round "?"]
[White "Friml, Antonin"]
[Black "Sykora, Robert"]
[Result "0-1"]
[WhiteElo "2198"]
[BlackElo "2115"]
[PlyCount "92"]
[EventDate "2000.??.??"]
[EventType "team"]
[EventRounds "11"]
[EventCountry "CZE"]
[SourceTitle "EXT 2003"]
[Source "ChessBase"]
[SourceDate "2002.11.25"]
[SourceVersion "1"]
[SourceVersionDate "2002.11.25"]
[SourceQuality "1"]

1. e4 d6 2. d4 Nf6 3. Nc3 g6 4. Be3 c6 5. Qd2 Qa5 6. h3 Nbd7 7. Nf3 Bg7 8. Bd3 0-0 9. 0-0 e5 10. Rad1 Re8 11. Rfe1 exd4 12. Nxd4 Nc5 13. Nb3 Nxb3 14. axb3 Qc7 15. Bf4 Nh5 16. Bh2 Be5 17. f4 Bd4+ 18. Kh1 Qe7 19. Be2 Bf2 20. Bxh5 Bxe1 21. Rxe1 gxh5 22. f5 Bxf5 23. Qh6 Bg6 24. Bg1 Qf8 25. Qf4 f5 26. e5 dxe5 27. Rxe5 Rxe5 28. Qxe5 Re8 29. Qf4 Re1 30. Kh2 c5 31. Bf2 Re6 32. Bg3 Qd8 33. Nb5 Re4 34. Qf2 f4 35. Bh4 Qd7 36. Qxc5 f3 37. Nd6 Rxh4 38. Qd5+ Kh8 39. Qe5+ Kg8 40. Kg1 fxg2 41. Qd5+ Kf8 42. Qe5 Rxh3 43. Qh8+ Ke7 44. Qe5+ Kd8 45. Qg5+ Kc7 46. Qc5+ Kb8 0-1

[Event "CZE-chTJ 0001"]
[Site "Czech Republic"]
[Date "2000.??.??"]
[Round "8"]
[White "Sykora, Robert"]
[Black "Mlcousek, Milan"]
[Result "1-0"]
[WhiteElo "2100"]
[BlackElo "2130"]
[PlyCount "80"]
[EventDate "2000.??.??"]
[EventType "team"]
[EventRounds "11"]
[EventCountry "CZE"]
[SourceTitle "EXT 2002"]
[Source "ChessBase"]
[SourceDate "2001.11.25"]
[SourceVersion "1"]
[SourceVersionDate "2001.11.25"]
[SourceQuality "1"]

1. d4 Nf6 2. c4 e6 3. g3 Ne4 4. Bg2 f5 5. Nf3 b6 6. 0-0 Bb7 7. b3 Be7 8. Bb2 d6 9. Nfd2 Nd7 10. Nxe4 fxe4 11. d5 exd5 12. cxd5 Bf6 13. Nc3 Qe7 14. Qd2 0-0 15. Rad1 Bxc3 16. Bxc3 Nf6 17. Bxf6 Rxf6 18. Qe3 Re8 19. Rd4 Qf7 20. Rxe4 Rxe4 21. Qxe4 Rf5 22. Bh3 Re5 23. Qxe5 dxe5 24. Be6 Bxd5 25. Bxf7+ Kxf7 26. f3 Ke7 27. e4 Bf7 28. Kf2 c5 29. Ke3 b5 30. Rc1 Kd6 31. f4 c4 32. b4 Be6 33. Rd1+ Kc6 34. fxe5 Kc7 35. a3 Bg4 36. Rd5 a6 37. Kd4 Be6 38. Rd6 Bc8 39. h4 Bb7 40. h5 Bc8 1-0

[Event "CZE-chT2 9899"]
[Site "Czech Republic"]
[Date "1999.??.??"]
[Round "?"]
[White "Sykora, Robert"]
[Black "Jandovsky, Viktor"]
[Result "1/2-1/2"]
[WhiteElo "2110"]
[BlackElo "2210"]
[PlyCount "69"]
[EventDate "1998.??.??"]
[EventType "team"]
[EventRounds "11"]
[EventCountry "CZE"]
[SourceTitle "EXT 2000"]
[Source "ChessBase"]
[SourceDate "1999.11.16"]
[SourceVersion "1"]
[SourceVersionDate "1999.11.16"]
[SourceQuality "1"]

1. d4 Nf6 2. c4 c5 3. Nf3 e6 4. g3 cxd4 5. Nxd4 a6 6. Bg2 Qc7 7. 0-0 Nc6 8. Nc3 Be7 9. b3 0-0 10. Bb2 d6 11. Rc1 Ne5 12. Qd2 Rd8 13. h3 Bd7 14. e4 Rac8 15. Kh2 Qb8 16. f4 Nc6 17. Nde2 b5 18. cxb5 axb5 19. f5 b4 20. Na4 Ne5 21. fxe6 Bxe6 22. Nf4 Bd7 23. Nd5 Nxd5 24. Qxd5 Be6 25. Rxc8 Rxc8 26. Qd2 Qb5 27. Bxe5 dxe5 28. Rc1 Rd8 29. Qc2 h5 30. h4 g6 31. Nb2 Bf8 32. Bf1 Qd7 33. Rd1 Qe7 34. Rxd8 Qxd8 35. Bc4 1/2-1/2

[Event "CZE-chT2 9798"]
[Site "Czech Republic"]
[Date "1998.??.??"]
[Round "7.6"]
[White "Hajek, Jiri"]
[Black "Sykora, Robert"]
[Result "1-0"]
[WhiteElo "2180"]
[BlackElo "2110"]
[PlyCount "97"]
[EventDate "1997.??.??"]
[EventType "team"]
[EventRounds "11"]
[EventCountry "CZE"]
[SourceTitle "EXT 1999"]
[Source "ChessBase"]
[SourceDate "1998.11.16"]
[SourceVersion "1"]
[SourceVersionDate "1998.11.16"]
[SourceQuality "1"]

1. d4 Nf6 2. Nf3 g6 3. c4 d6 4. Nc3 Nbd7 5. e4 e5 6. Be3 Bg7 7. Be2 0-0 8. 0-0 c6 9. dxe5 dxe5 10. Nd2 Qe7 11. a3 Rd8 12. b4 Nf8 13. Bc5 Qc7 14. Bxf8 Bxf8 15. Qc2 Bh6 16. Rfd1 Bg4 17. Bxg4 Nxg4 18. h3 Nf6 19. c5 Bxd2 20. Rxd2 Rxd2 21. Qxd2 Rd8 22. Qe2 Rd4 23. Rd1 Qd7 24. Rxd4 Qxd4 25. Qe3 Kg7 26. g3 h6 27. Kg2 Qxe3 28. fxe3 h5 29. Kf3 g5 30. Ke2 Kf8 31. Kd3 Ke7 32. Nd1 Ke6 33. Nb2 g4 34. h4 Nd7 35. Nc4 b5 36. cxb6 axb6 37. a4 c5 38. b5 Ke7 39. a5 bxa5 40. Nxa5 Kd6 41. Nc4+ Kc7 42. Kc3 f6 43. Kb3 Nf8 44. Ka4 Ng6 45. b6+ Kc6 46. Ka5 Kb7 47. Kb5 Ne7 48. Kxc5 f5 49. Nxe5 1-0

[Event "CZE-chT2 9798"]
[Site "Czech Republic"]
[Date "1998.??.??"]
[Round "11.7"]
[White "Sykora, Robert"]
[Black "Groh, Jiri"]
[Result "1-0"]
[WhiteElo "2110"]
[BlackElo "2130"]
[PlyCount "63"]
[EventDate "1997.??.??"]
[EventType "team"]
[EventRounds "11"]
[EventCountry "CZE"]
[SourceTitle "EXT 1999"]
[Source "ChessBase"]
[SourceDate "1998.11.16"]
[SourceVersion "1"]
[SourceVersionDate "1998.11.16"]
[SourceQuality "1"]

1. d4 d5 2. Nf3 Nf6 3. c4 e6 4. g3 Be7 5. Bg2 0-0 6. 0-0 b6 7. Nc3 Bb7 8. Ne5 c6 9. e4 dxc4 10. Nxc4 Na6 11. Be3 c5 12. d5 b5 13. d6 bxc4 14. dxe7 Qxe7 15. Qe2 Nb4 16. Qxc4 Ba6 17. Nb5 Rfc8 18. Rfc1 Qd7 19. a4 Nd3 20. Rc2 Rab8 21. Rd2 Bxb5 22. axb5 Ne5 23. Qc3 Qc7 24. Bf4 Nfd7 25. Rxd7 Qxd7 26. Bxe5 Rxb5 27. Bxg7 c4 28. Bh6 e5 29. Qf3 Qe6 30. Ra6 Rb6 31. Rxa7 Rxb2 32. Bh3 1-0

[Event "CZE-chT2 9899"]
[Site "Czech Republic"]
[Date "1998.??.??"]
[Round "?"]
[White "Vyhnalek, Bohuslav"]
[Black "Sykora, Robert"]
[Result "1/2-1/2"]
[WhiteElo "2220"]
[BlackElo "2110"]
[PlyCount "123"]
[EventDate "1998.??.??"]
[EventType "team"]
[EventRounds "11"]
[EventCountry "CZE"]
[SourceTitle "EXT 2000"]
[Source "ChessBase"]
[SourceDate "1999.11.16"]
[SourceVersion "1"]
[SourceVersionDate "1999.11.16"]
[SourceQuality "1"]

1. e4 e6 2. d4 d5 3. e5 c5 4. dxc5 Nc6 5. Nf3 Bxc5 6. Bd3 Nb4 7. 0-0 Nxd3 8. Qxd3 Bd7 9. Be3 Qb6 10. Bxc5 Qxc5 11. Nd4 Ne7 12. Nd2 Rc8 13. c3 a6 14. Qg3 0-0 15. Rfe1 b5 16. a3 a5 17. N2f3 Qb6 18. Qh4 Ng6 19. Qg4 Rc4 20. Re3 Qd8 21. Ng5 h6 22. Nxf7 Kxf7 23. Rf3+ Kg8 24. Qxg6 Rxf3 25. Nxf3 b4 26. axb4 axb4 27. Nd4 bxc3 28. bxc3 Rxc3 29. Nxe6 Qe7 30. Ra8+ Rc8 31. Rxc8+ Bxc8 32. Nd4 Qxe5 33. Qd3 Qe1+ 34. Qf1 Qc3 35. Qd1 Ba6 36. h3 Bd3 37. Qg4 Qe1+ 38. Kh2 Qe5+ 39. Kg1 Qe1+ 40. Kh2 Qe5+ 41. g3 Be4 42. Qd1 Kh7 43. Qd2 h5 44. h4 Qf6 45. Qe3 Qb6 46. Qc3 Qf6 47. Qd2 Qb6 48. f3 Bg6 49. Kg2 Qb1 50. Ne6 Qf5 51. Ng5+ Kg8 52. Qb2 Qc2+ 53. Qxc2 Bxc2 54. Kf2 Kf8 55. Ke3 Ke7 56. Kd4 Kd6 57. Nf7+ Ke6 58. Ne5 Bd1 59. f4 Be2 60. Ke3 Bd1 61. Kd4 Be2 62. Ke3 1/2-1/2

[Event "CZE-chT2 9697"]
[Site "Czech Republic"]
[Date "1997.??.??"]
[Round "?"]
[White "Jablecnik, Gustav"]
[Black "Sykora, Robert"]
[Result "1/2-1/2"]
[WhiteElo "2140"]
[BlackElo "2125"]
[PlyCount "81"]
[EventDate "1996.??.??"]
[EventType "team"]
[EventRounds "11"]
[EventCountry "CZE"]
[SourceTitle "EXT 1998"]
[Source "ChessBase"]
[SourceDate "1997.11.17"]
[SourceVersion "1"]
[SourceVersionDate "1997.11.17"]
[SourceQuality "1"]

1. e4 e6 2. d4 d5 3. exd5 exd5 4. Nf3 Nc6 5. c3 Bd6 6. Bd3 Bg4 7. 0-0 Nge7 8. Re1 Qd7 9. Nbd2 f6 10. b4 0-0 11. Nf1 Rae8 12. Ng3 Ng6 13. Rxe8 Rxe8 14. h3 Be6 15. Qc2 Nce7 16. Bd2 Kf7 17. Re1 Nf4 18. Bf1 Neg6 19. Bxf4 Bxf4 20. Bd3 Ne7 21. Qe2 g6 22. a4 Nc8 23. b5 Nd6 24. Qc2 Bxg3 25. fxg3 Bf5 26. g4 Rxe1+ 27. Nxe1 Qe7 28. Qf2 Bxd3 29. Nxd3 Ne4 30. Qh4 Kg7 31. Qe1 Qa3 32. Nc5 Qxc3 33. Qxc3 Nxc3 34. Nxb7 Kf7 35. Nd8+ Ke8 36. Nc6 Nxa4 37. Nxa7 Kd7 38. Kf2 g5 39. Ke3 Nb2 40. Kd2 Nc4+ 41. Kd3 1/2-1/2

[Event "CZE-chT2 9697"]
[Site "Czech Republic"]
[Date "1997.??.??"]
[Round "?"]
[White "Kukacka, Martin"]
[Black "Sykora, Robert"]
[Result "0-1"]
[WhiteElo "2060"]
[BlackElo "2125"]
[PlyCount "92"]
[EventDate "1996.??.??"]
[EventType "team"]
[EventRounds "11"]
[EventCountry "CZE"]
[SourceTitle "EXT 1998"]
[Source "ChessBase"]
[SourceDate "1997.11.17"]
[SourceVersion "1"]
[SourceVersionDate "1997.11.17"]
[SourceQuality "1"]

1. e4 e6 2. Qe2 c5 3. g3 Nc6 4. Nf3 g6 5. Bg2 Bg7 6. c3 Nge7 7. 0-0 d5 8. d3 0-0 9. Na3 b6 10. e5 Ba6 11. Bf4 h6 12. h4 Qc7 13. Rae1 b5 14. Qd2 b4 15. Nc2 bxc3 16. bxc3 Kh7 17. Ne3 Qa5 18. Ng4 Ng8 19. Kh2 d4 20. Rc1 dxc3 21. Rxc3 Nb4 22. Bxh6 Nxh6 23. Ng5+ Kg8 24. Nxh6+ Bxh6 25. Bxa8 Rxa8 26. Qd1 Rd8 27. Qf3 Bxg5 28. hxg5 Nxd3 29. Qf6 Rd5 30. Rb3 Qd8 31. Qxd8+ Rxd8 32. Rd1 Rd7 33. Ra3 Bb5 34. Rb3 a6 35. f4 c4 36. Rbb1 c3 37. a4 c2 38. axb5 cxd1Q 39. Rxd1 axb5 40. Rb1 b4 41. Kg2 Rb7 42. Kf3 Nc5 43. Ke3 Na4 44. Kd4 Nc3 45. Rb2 Nd5 46. Ke4 Rc7 0-1

[Event "CZE Czechia-ch"]
[Site "Prague"]
[Date "1995.??.??"]
[Round "?"]
[White "Sykora, Robert"]
[Black "Freisler, Pavel"]
[Result "0-1"]
[WhiteElo "2140"]
[BlackElo "2345"]
[PlyCount "82"]
[EventDate "1995.??.??"]
[EventType "swiss"]
[EventRounds "9"]
[EventCountry "CZE"]
[SourceTitle "EXT 1997"]
[Source "ChessBase"]
[SourceDate "1996.11.15"]
[SourceVersion "1"]
[SourceVersionDate "1996.11.15"]
[SourceQuality "1"]

1. d4 Nf6 2. c4 d6 3. Nc3 Nbd7 4. e4 e5 5. d5 Be7 6. Be3 0-0 7. f3 Ne8 8. Qd2 g6 9. 0-0-0 f5 10. exf5 gxf5 11. Kb1 Ndf6 12. Bd3 c6 13. Nge2 cxd5 14. cxd5 Kh8 15. Bh6 Rf7 16. h4 a6 17. Ng3 Ng8 18. Bg5 h6 19. Bxe7 Qxe7 20. Qc2 Ng7 21. Na4 Qd8 22. Qf2 f4 23. Ne4 Nf5 24. Nb6 Rb8 25. Rc1 Nge7 26. a4 Ne3 27. Nxc8 Rxc8 28. Rxc8 Nxc8 29. Ng5 Re7 30. Ne6 Qg8 31. a5 Nxd5 32. Bc4 Qxe6 33. Qc2 Re8 34. Qe4 Nce7 35. Rd1 Rg8 36. Bxd5 Nxd5 37. Qxd5 Qxd5 38. Rxd5 Rd8 39. Kc2 Kg7 40. Kd3 Kf6 41. Ke4 Ke6 0-1

[Event "Prague Mladi-B"]
[Site "Prague"]
[Date "1994.??.??"]
[Round "6"]
[White "Kolin, Julius"]
[Black "Sykora, Robert"]
[Result "1-0"]
[WhiteElo "2155"]
[BlackElo "2155"]
[PlyCount "69"]
[EventDate "1994.??.??"]
[EventType "swiss"]
[EventRounds "9"]
[EventCountry "CZE"]
[SourceTitle "EXT 1997"]
[Source "ChessBase"]
[SourceDate "1996.11.15"]
[SourceVersion "1"]
[SourceVersionDate "1996.11.15"]
[SourceQuality "1"]

1. e4 e6 2. d4 d5 3. Nc3 Nf6 4. e5 Nfd7 5. f4 c5 6. Nf3 Nc6 7. Be3 a6 8. Qd2 b5 9. Be2 Qb6 10. Nd1 cxd4 11. Nxd4 Bc5 12. c3 Bxd4 13. cxd4 0-0 14. 0-0 f5 15. Rc1 Bb7 16. g4 g6 17. Kh1 Rac8 18. gxf5 exf5 19. Bf3 Na5 20. Nc3 Nc4 21. Qe2 Nxe3 22. Qxe3 Qe6 23. Rf2 Nf6 24. Rfc2 Ne4 25. Bd1 Rc4 26. b3 Rc6 27. Nxe4 Rxc2 28. Nf6+ Rxf6 29. Rxc2 Rf7 30. b4 g5 31. Bh5 Rg7 32. fxg5 Qe7 33. e6 Qxb4 34. Bf7+ Kf8 35. Rc7 1-0

[Event "Prague Mladi-B"]
[Site "Prague"]
[Date "1994.??.??"]
[Round "1"]
[White "Krug, Stefan"]
[Black "Sykora, Robert"]
[Result "1/2-1/2"]
[WhiteElo "2165"]
[BlackElo "2155"]
[PlyCount "92"]
[EventDate "1994.??.??"]
[EventType "swiss"]
[EventRounds "9"]
[EventCountry "CZE"]
[SourceTitle "EXT 1997"]
[Source "ChessBase"]
[SourceDate "1996.11.15"]
[SourceVersion "1"]
[SourceVersionDate "1996.11.15"]
[SourceQuality "1"]

1. e4 e6 2. d4 d5 3. exd5 exd5 4. Nf3 Bg4 5. Be2 Bd6 6. Bg5 Ne7 7. 0-0 0-0 8. Nbd2 f6 9. Bh4 Ng6 10. Bg3 Nc6 11. c4 Bxg3 12. hxg3 Nge7 13. cxd5 Nxd5 14. Qb3 b6 15. Rac1 Nce7 16. Rfe1 Be6 17. Bc4 Bf7 18. Ne4 c6 19. Qd1 Qd7 20. a3 a5 21. Nc3 Rad8 22. Nxd5 Nxd5 23. Bd3 g6 24. Qc2 Rc8 25. Qd2 Kg7 26. Bb1 Rfe8 27. Rxe8 Rxe8 28. Re1 Rxe1+ 29. Qxe1 Nc7 30. Qe3 Bd5 31. Be4 Qe7 32. Bxd5 Nxd5 33. Qc1 Qe6 34. Qc2 Ne7 35. Kf1 Kf7 36. Kg1 h5 37. Qd2 g5 38. Qd3 Qf5 39. Qd2 Qd5 40. Qc3 Nf5 41. Qc2 b5 42. Ne5+ Ke6 43. Nxc6 a4 44. Qe2+ Kd6 45. Nb4 Nxd4 46. Qxh5 Qc4 1/2-1/2

[Event "Prague Mladi-B"]
[Site "Prague"]
[Date "1994.??.??"]
[Round "9"]
[White "Nikoladze, Sopio"]
[Black "Sykora, Robert"]
[Result "1/2-1/2"]
[WhiteElo "2085"]
[BlackElo "2155"]
[PlyCount "43"]
[EventDate "1994.??.??"]
[EventType "swiss"]
[EventRounds "9"]
[EventCountry "CZE"]
[SourceTitle "EXT 1997"]
[Source "ChessBase"]
[SourceDate "1996.11.15"]
[SourceVersion "1"]
[SourceVersionDate "1996.11.15"]
[SourceQuality "1"]

1. d4 Nf6 2. c4 d6 3. Nc3 e5 4. Nf3 Nbd7 5. Bg5 Be7 6. e3 c6 7. Qc2 0-0 8. Rd1 Qa5 9. Bd3 Re8 10. 0-0 Nf8 11. c5 exd4 12. cxd6 dxc3 13. dxe7 Rxe7 14. Bxf6 gxf6 15. bxc3 Bg4 16. Rd2 Bxf3 17. gxf3 Qh5 18. Be2 Qg6+ 19. Kh1 Qxc2 20. Rxc2 Rd8 21. f4 Ne6 22. Rg1+ 1/2-1/2